• 首页
  • 本馆介绍
  • 公告通知
  • 最新文献
  • 馆藏检索
  • 电子资源
  • 读者导购
  • 参考咨询
  • 我的图书馆
  • 登录
  • 详细信息显示
  • 放入我的书架
  • 预约/预借图书
  • 作者相关作品
  • 分类相关作品
  • 丛书相关作品
  • 出版社相关作品

书目信息

  • 表格格式
  • 工作单格式
  • 卡片格式
题名:
风土
    
 
作者: 和辻哲郎, 著 ;朱坤容 译
分册:  
出版信息: 北京   东方出版社  2017
页数: 246页
开本: 21cm
丛书名:
单 册:
中图分类: G03
科图分类:
主题词: 民族文化--min zu wen hua--研究--世界
电子资源:
ISBN: 978-7-5060-5076-0
000 00941nam0 2200265 450
001 012001004356
005 20131017092123.0
010    @a978-7-5060-5076-0@dCNY32.00
099    @aCAL 012017183851
100    @a20171114d2017 em y0chiy50 ea
101 1  @achi@cjpn
102    @aCN@b110000
105    @ay z 000yy
106    @ar
200 1  @a风土@Afeng tu@e人间学的考察@f(日) 和辻哲郎著@g朱坤容译
210    @a北京@c东方出版社@d2017
215    @a246页@d21cm
330    @a本书讨论的是历史、文化以及民族的相互关系的问题。通过对季风型、沙漠型、牧场型三种风土类型的考察,分析了各个地区的宗教、哲学、科学和艺术特征,阐明人的存在方式与风土的关系。
517 1  @a人间学的考察@Aren jian xue de kao cha
606 0  @a民族文化@Amin zu wen hua@x研究@y世界
690    @aG03@v5
701  0 @a和辻哲郎,@Ahe shi zhe lang@f1889-1960@4著
702  0 @a朱坤容@Azhu kun rong@4译
801  0 @b江苏凤凰@c20191020
905    @b1222996-3001@dG03@e141@f6
    
    风土:人间学的考察/(日) 和辻哲郎著/朱坤容译.-北京:东方出版社,2017
    246页;21cm
    
    
    ISBN 978-7-5060-5076-0:CNY32.00
    本书讨论的是历史、文化以及民族的相互关系的问题。通过对季风型、沙漠型、牧场型三种风土类型的考察,分析了各个地区的宗教、哲学、科学和艺术特征,阐明人的存在方式与风土的关系。
●
相关链接 在E读中查询图书 在五车中查询图书 在当当中查询图书 在豆瓣中查询图书


正题名:风土     索取号:G03/141         预约/预借

序号 登录号 条形码 馆藏地/架位号 状态 备注
1 1222996   212229961   第一样本阅览室/ [索取号:G03/141] 在馆    
2 1222997   212229970   教育系资料室/ [索取号:G03/141] 在馆    
3 1222998   212229989   教育系资料室/ [索取号:G03/141] 在馆    
4 1222999   212229998   教育系资料室/ [索取号:G03/141] 在馆    
5 1223000   212230003   第四借阅区/ [索取号:G03/141] 在馆    
6 1223001   212230012   第四借阅区/ [索取号:G03/141] 在馆    
唐山师范学院图书馆 欢迎您!
大连网信软件有限公司© 版权所有